| 000 | 00424nam a2200157 a 4500 | ||
|---|---|---|---|
| 005 | 20141022141958.0 | ||
| 008 | 120302s19uu xx 00 eng d | ||
| 050 |
_aCD-ROM _bIn8 2008 |
||
| 100 | _aHillier, Frederick | ||
| 245 |
_aIntroduction to management science / _cFrederick Hillier, et al. |
||
| 260 | _c2008. | ||
| 700 | _aHillier, Mark | ||
| 700 | _aSchmedders, Karl | ||
| 700 | _aStephens, Molly | ||
| 942 | _cAVM | ||
| 999 |
_c276073 _d276073 |
||